000
00313cam a2200145 4500
020
_a
0042970288
041
_a
ENG
082
0
0
_a
297.4
_b
NAS
100
1
_a
Nasr, Seyyed Hossein.
245
1
0
_a
Sufi essays
260
_a
London,
_b
G. Allen and Unwin
_c
[1972]
300
_a
184 p.
650
0
_a
Sufism.
942
_c
BK
999
_c
22821
_d
22821